| 000 | 02088cam a22004094a 4500 | ||
|---|---|---|---|
| 999 |
_c64113 _d64113 |
||
| 001 | 741088 | ||
| 003 | CO-MdFUSB | ||
| 005 | 20180622072750.0 | ||
| 008 | 990226s1999 mnua g b 001 0 eng | ||
| 010 | _a 99024098 | ||
| 020 | _a0800631633 (alk. paper) | ||
| 040 |
_aDLC _cCO-MdFUSB _dCO-MdFUSB _bspa _erda |
||
| 041 | _aeng | ||
| 042 | _apcc | ||
| 082 | 0 | 0 |
_221 _aG 200.19 _bD999m |
| 100 | 1 |
_aD'Aquili, Eugene G., _d1940- _eautor |
|
| 242 | 1 | 3 |
_aLa mente mística: _binvestigando la biología de la experiencia religiosa _lInglés |
| 245 | 1 | 4 |
_aThe mystical mind _b: probing the biology of religious experience _c/ Eugene G. d'Aquili, Andrew B. Newberg. |
| 264 | 1 |
_aMinneapolis, MN : _bFortress Press, _c℗[1999] |
|
| 264 | 4 | _c©1999 | |
| 300 |
_aix, 228 páginas : _bilustraciones ; _c23 cm. |
||
| 336 |
_2rdacontent _atexto _btxt |
||
| 337 |
_2rdamedia _asin mediación _bn |
||
| 338 |
_2rdacarrier _avolumen _bnc |
||
| 490 | _aTheology and the Sciences | ||
| 501 | _aIncluye índice (p. 223- 228) | ||
| 504 | _aBibliografía (p. 213- 222) | ||
| 505 | _aParte I. Preludio a la mente mística -- Introducción -- El cerebro y el sistema nervioso central -- La base de la mente mística -- Parte II. La mente mística -- Por qué la mente crea el mito -- Ritual, liturgia y la mente -- La mente, la meditación y el misticismo -- La experiencia cercana a la muerte como un fenómeno místico -- Parte III. Neuroteología y la paradoja de la fenomenología -- El origen de la religión -- Neuroteología -- Conciencia y realidad -- Metateología y megatheología -- Epílogo: algunas reflexiones prácticas | ||
| 563 | _aTapa rústica | ||
| 650 | 0 |
_aExperiencia religiosa _9952 |
|
| 700 | 1 |
_aNewberg, Andrew B., _d1966- _eautor |
|
| 906 |
_a7 _bcbc _corignew _d1 _eocip _f19 _gy-gencatlg |
||
| 942 | _cBK | ||